Islands That Start with R - Statistics

General Stats
  • This quiz has been taken 33 times
  • The average score is 5 of 10
Answer Stats
Hint Island % Correct
French overseas department in the Indian Ocean, east of Madagascar Réunion
89%
Greek island in the Aegean Sea, site of a famous Colossus Rhodes
89%
Narrow island in New York City's East River, named after a U.S. president {Roosevelt} Island
82%
Island off Cape Town, South Africa, where Nelson Mandela was imprisoned {Robben} Island
75%
Island in North Carolina, site of the first English settlement in North America Roanoke
50%
Site of New York City's main jail complex {Rikers} Island
36%
Largest island in Germany, in the Baltic Sea Rügen
36%
Chain of Japanese islands stretching south-west from Kyushu to Taiwan {Ryukyu} Islands
32%
Antarctic island named after a British explorer who discovered it in 1840 {Ross} Island
29%
Indonesian province consisting of 1,796 islands between Sumatra, Malaya and Borneo {Riau} Islands
11%
No matching quizzes found
Score Distribution
Percent of People with Each Score
Percentile by Number Answered
Your Score History
You have not taken this quiz